Zwyciężczynie Rolanda Garrosa od 2000 do 2025 - Statystyki

Ogólne statystyki
  • Ten quiz został rozwiązany 225 razy
  • Średni wynik to 11 z 26
Statystyki odpowiedzi
Rok/Year Zwyciężczyni/Winner % Poprawnych
2020 Iga Świątek
100%
2022 Iga Świątek
100%
2023 Iga Świątek
100%
2024 Iga Świątek
100%
2002 Serena Williams
85%
2013 Serena Williams
85%
2015 Serena Williams
85%
2025 Coco Gauff
48%
2012 Maria Sharapova
48%
2014 Maria Sharapova
48%
2011 Li Na
33%
2003 Justine Henin
30%
2005 Justine Henin
30%
2006 Justine Henin
30%
2007 Justine Henin
30%
2018 Simona Halep
30%
2019 Ashleigh Barty
25%
2017 Jelena Ostapenko
20%
2021 Barbora Krejčíková
18%
2008 Ana Ivanović
13%
2010 Francesca Schiavone
13%
2016 Garbiñe Muguruza
13%
2004 Anastasija Myskina
10%
2000 Mary Pierce
8%
2001 Jennifer Capriati
5%
2009 Swietłana Kuzniecowa
3%
Nie znaleziono quizów pasujących do podanych kryteriów
Rozkład punktacji
Procent ludzi z każdym wynikiem
Percentyl według liczby udzielonych odpowiedzi
Twoja historia wyników
Nie rozwiązałeś tego quizu